[Event "LiSB-ch Veterans"]
[Site "Stein"]
[Date "2000.11.25"]
[Round "1"]
[White "Ebel, Huub"]
[Black "Hanssen, Johan"]
[Result "0-1"]
[WhiteElo "1264"]
[BlackElo "1424"]
[PlyCount "94"]
[EventDate "2000.11.25"]
[EventType "swiss"]
[EventRounds "5"]
[EventCountry "NED"]
[Source "P.Boonen"]
[SourceDate "2012.01.01"]

1. e4 d6 2. d4 g6 3. Nf3 Bg7 4. c3 Nf6 5. Nbd2 O-O 6. h3 Nbd7 7. Bd3 c6 8. O-O
e5 9. Nb3 h6 10. Be3 Re8 11. Nh2 exd4 12. Nxd4 Nxe4 13. Bxe4 Rxe4 14. Qd3 Nf6
15. f3 Re7 16. Ng4 Nxg4 17. fxg4 Be6 18. Nxe6 Rxe6 19. Rae1 Qd7 20. Qd2 Rae8
21. Qf2 b6 22. Bd4 Rxe1 23. Rxe1 Rxe1+ 24. Qxe1 Qe6 25. Qd2 Qd5 26. Kh1 c5 27.
c4 Qxd4 28. Qxd4 Bxd4 29. b3 a6 30. Kh2 b5 31. Kg3 Be5+ 32. Kf3 Kg7 33. Ke4
bxc4 34. bxc4 Kf6 35. Kd5 a5 36. a4 Kg5 37. Kc6 Kf4 38. Kb5 Bc3 39. Kc6 Ke4 40.
Kxd6 Kd4 41. Ke7 Kxc4 42. Kxf7 Kd5 43. Kxg6 Bd2 44. h4 c4 45. g5 hxg5 46. h5 g4
47. g3 c3 0-1

[Event "LiSB-ch Veterans"]
[Site "Stein"]
[Date "2000.11.25"]
[Round "1"]
[White "Erkens, Wil"]
[Black "Abrahams, Jacq"]
[Result "1-0"]
[WhiteElo "1390"]
[BlackElo "1581"]
[PlyCount "99"]
[EventDate "2000.11.25"]
[EventType "swiss"]
[EventRounds "5"]
[EventCountry "NED"]
[Source "P.Boonen"]
[SourceDate "2012.01.01"]

1. e4 d6 2. Nc3 g6 3. h3 Bg7 4. Nf3 a6 5. d4 Bd7 6. Bc4 e6 7. Bg5 f6 8. Bd2 Qe7
9. O-O Nc6 10. d5 Ne5 11. dxe6 Bxe6 12. Bxe6 Qxe6 13. Nd5 O-O-O 14. Ba5 Rd7 15.
Nd4 Qf7 16. Qe2 Ne7 17. Nxe7+ Rxe7 18. b3 c5 19. Nf3 f5 20. Rad1 Nc6 21. Bd2
Rxe4 22. Ng5 Rxe2 23. Nxf7 Rf8 24. Nxd6+ Kc7 25. Bf4 Be5 26. Bxe5 Nxe5 27. Kh2
Rxc2 28. Rfe1 Nc6 29. Ne8+ Kb6 30. a3 Nd4 31. b4 Rf7 32. bxc5+ Kxc5 33. Re5+
Kb6 34. Rxd4 Rxf2 35. Nd6 Rc7 36. Rc4 Rc2 37. Rxc7 Rxc7 38. Re6 Kc5 39. Ne8 Rd7
40. Re1 Kc4 41. Nf6 Rf7 42. Ne8 Kb3 43. Re3+ Ka4 44. Nd6 Rc7 45. Ne8 Rd7 46.
Rc3 b5 47. Nc7 a5 48. Ne6 Rd5 49. Nc5+ Rxc5 50. Rxc5 1-0

[Event "LiSB-ch Veterans"]
[Site "Stein"]
[Date "2000.11.25"]
[Round "1"]
[White "Michon, John"]
[Black "Meijerink, Harry"]
[Result "1-0"]
[WhiteElo "1606"]
[BlackElo "1670"]
[PlyCount "53"]
[EventDate "2000.11.25"]
[EventType "swiss"]
[EventRounds "5"]
[EventCountry "NED"]
[Source "P.Boonen"]
[SourceDate "2012.01.01"]

1. d4 Nf6 2. c4 e6 3. Nc3 Bb4 4. Bd2 O-O 5. Nf3 Re8 6. a3 Bf8 7. e4 d6 8. Bd3
Nbd7 9. e5 dxe5 10. dxe5 Nc5 11. Bb1 Nfd7 12. Qc2 g6 13. b4 Na6 14. Ne4 Bg7 15.
Bc3 b6 16. O-O Bb7 17. Qe2 Nab8 18. Rd1 Qe7 19. Bc2 Rd8 20. Rd2 Nc6 21. Ng3 Qf8
22. Rad1 Ndb8 23. Rxd8 Nxd8 24. Ne4 Qe7 25. Nf6+ Kh8 26. Ng5 h6 27. Rxd8+ 1-0

[Event "LiSB-ch Veterans"]
[Site "Stein"]
[Date "2000.11.25"]
[Round "1"]
[White "Schreinemachers, Jo"]
[Black "Jacobs, Wim"]
[Result "1-0"]
[WhiteElo "1596"]
[BlackElo "1480"]
[PlyCount "90"]
[EventDate "2000.11.25"]
[EventType "swiss"]
[EventRounds "5"]
[EventCountry "NED"]
[Source "P.Boonen"]
[SourceDate "2012.01.01"]

1. d4 Nf6 2. c4 d5 3. cxd5 Qxd5 4. Nf3 e6 5. Nc3 Qd8 6. Bg5 Be7 7. e3 h6 8. Bh4
Nd5 9. Bxe7 Qxe7 10. e4 Nb6 11. Be2 O-O 12. O-O Rd8 13. Qc2 a5 14. a3 Na6 15.
Rfd1 c6 16. Rac1 Bd7 17. Qb3 Nc8 18. Qxb7 Ra7 19. Qb3 Be8 20. Qc2 Nc7 21. Na4
Nb5 22. Nc5 Nc7 23. Bc4 Kf8 24. Ba2 Nd6 25. Bb1 f6 26. e5 Nf7 27. exf6 Qxf6 28.
Qh7 Ng5 29. Qh8+ Ke7 30. Nxg5 Bh5 31. Qh7 Bxd1 32. Nge4 Qxd4 33. Qg6 Bc2 34. h3
Bxb1 35. Rxb1 Re8 36. Qg3 Nd5 37. Qd6+ Kf7 38. Qxc6 Ree7 39. Nd6+ Kf6 40. Nde4+
Kf5 41. g4+ Kf4 42. Qd6+ e5 43. Re1 Rac7 44. Ne6+ Rxe6 45. Qxe6 Ne3 1-0

[Event "LiSB-ch Veterans"]
[Site "Stein"]
[Date "2000.11.25"]
[Round "1"]
[White "Van Gils, Maarten"]
[Black "Simonis, Peter"]
[Result "1/2-1/2"]
[WhiteElo "1702"]
[BlackElo "1876"]
[PlyCount "91"]
[EventDate "2000.11.25"]
[EventType "swiss"]
[EventRounds "5"]
[EventCountry "NED"]
[Source "P.Boonen"]
[SourceDate "2012.01.01"]

1. e4 c5 2. Nf3 Nc6 3. d4 cxd4 4. Nxd4 g6 5. c4 Bg7 6. Be3 Nf6 7. f3 d6 8. Nc3
O-O 9. Be2 Bd7 10. Qd2 Rc8 11. O-O Ne5 12. b3 a5 13. Rac1 Bc6 14. Nd5 Bxd5 15.
cxd5 Ned7 16. Rxc8 Qxc8 17. Qxa5 Qa8 18. Qxa8 Rxa8 19. a4 Nc5 20. Bc4 Nfd7 21.
Nb5 Ne5 22. Bxc5 Nxc4 23. Bb4 Ne5 24. Ba3 Nd3 25. Rd1 Nc5 26. Bxc5 dxc5 27. Rc1
b6 28. Kf1 f5 29. exf5 gxf5 30. h3 Bf8 31. Ke2 Rd8 32. Rd1 Kf7 33. Na3 Kf6 34.
Nc4 Rb8 35. d6 exd6 36. Nxd6 Ke6 37. Nb5 Rc8 38. Rd3 c4 39. Rc3 Kd5 40. bxc4+
Rxc4 41. Nc7+ Kd4 42. Rd3+ Ke5 43. Rd5+ Kf6 44. Rd7 Rxa4 45. Rxh7 Ra2+ 46. Kd3
1/2-1/2

[Event "LiSB-ch Veterans"]
[Site "Stein"]
[Date "2000.11.25"]
[Round "1"]
[White "Van Vliet, Cors"]
[Black "De Wit, Gerrit"]
[Result "1/2-1/2"]
[WhiteElo "1720"]
[BlackElo "1703"]
[PlyCount "59"]
[EventDate "2000.11.25"]
[EventType "swiss"]
[EventRounds "5"]
[EventCountry "NED"]
[Source "P.Boonen"]
[SourceDate "2012.01.01"]

1. d4 Nf6 2. Bf4 d6 3. Nf3 g6 4. e3 Bg7 5. h3 O-O 6. Be2 Re8 7. O-O Nbd7 8. c3
e5 9. Bh2 e4 10. Nfd2 d5 11. c4 c6 12. Nc3 a6 13. Qb3 Nf8 14. c5 Ne6 15. Na4
Nd7 16. Rfd1 f5 17. Nf1 Qh4 18. Ng3 f4 19. Nh1 h5 20. Bf1 Rf8 21. Nc3 Nf6 22.
Ne2 Nh7 23. Nxf4 Nxf4 24. Bxf4 Ng5 25. Bg3 Nxh3+ 26. gxh3 Qg5 27. Bg2 h4 28.
Rd2 hxg3 29. Nxg3 Kh8 30. Qd1 1/2-1/2

[Event "LiSB-ch Veterans"]
[Site "Stein"]
[Date "2000.11.26"]
[Round "2"]
[White "De Wit, Gerrit"]
[Black "Van Gils, Maarten"]
[Result "0-1"]
[WhiteElo "1703"]
[BlackElo "1702"]
[PlyCount "92"]
[EventDate "2000.11.25"]
[EventType "swiss"]
[EventRounds "5"]
[EventCountry "NED"]
[Source "P.Boonen"]
[SourceDate "2012.01.01"]

1. e4 c5 2. Nc3 Nc6 3. f4 g6 4. g3 Bg7 5. Bg2 e6 6. Nf3 Nge7 7. O-O O-O 8. d3
a6 9. Be3 b6 10. Bf2 d5 11. e5 Bb7 12. Re1 Qc7 13. Rb1 Rac8 14. Bh3 Nb8 15. a4
b5 16. axb5 d4 17. Ne4 Bxe4 18. Rxe4 axb5 19. Nd2 Nd7 20. Re1 Nb6 21. Ne4 Nbd5
22. c3 dxc3 23. bxc3 Rb8 24. Qd2 c4 25. Bc5 Rb7 26. Bf2 b4 27. dxc4 bxc3 28.
Nxc3 Rxb1 29. Rxb1 Nxc3 30. Qxc3 Rc8 31. c5 g5 32. Bg2 gxf4 33. gxf4 Ng6 34.
Qc4 Bh6 35. Rb7 Qa5 36. c6 Qa1+ 37. Bf1 Bxf4 38. Bd4 Qe1 39. c7 Nxe5 40. Bxe5
Qxe5 41. Rb8 Rxb8 42. c8=Q+ Rxc8 43. Qxc8+ Kg7 44. h3 Qe3+ 45. Kh1 Qd2 46. Bg2
Qe1+ 0-1

[Event "LiSB-ch Veterans"]
[Site "Stein"]
[Date "2000.11.26"]
[Round "2"]
[White "Erkens, Wil"]
[Black "Schreinemachers, Jo"]
[Result "0-1"]
[WhiteElo "1390"]
[BlackElo "1596"]
[PlyCount "48"]
[EventDate "2000.11.25"]
[EventType "swiss"]
[EventRounds "5"]
[EventCountry "NED"]
[Source "P.Boonen"]
[SourceDate "2012.01.01"]

1. e4 c6 2. Nc3 d5 3. exd5 cxd5 4. d4 Nf6 5. Be2 Nc6 6. h3 Bf5 7. Nf3 e6 8. a3
Rc8 9. Bb5 Bd6 10. O-O O-O 11. Bg5 h6 12. Bxc6 Rxc6 13. Bxf6 Qxf6 14. Rc1 Bxa3
15. Rb1 Bb4 16. Ne5 Rc7 17. Qf3 Bxc2 18. Nb5 Qxf3 19. gxf3 Bxb1 20. Nxc7 Bf5
21. Nb5 a6 22. Nc3 Bxh3 23. Rc1 Re8 24. Kh2 Bf5 {Rest onleesbaar} 0-1

[Event "LiSB-ch Veterans"]
[Site "Stein"]
[Date "2000.11.26"]
[Round "2"]
[White "Hanssen, Johan"]
[Black "Michon, John"]
[Result "0-1"]
[WhiteElo "1424"]
[BlackElo "1606"]
[PlyCount "86"]
[EventDate "2000.11.25"]
[EventType "swiss"]
[EventRounds "5"]
[EventCountry "NED"]
[Source "P.Boonen"]
[SourceDate "2012.01.01"]

1. d4 d5 2. Nf3 Nf6 3. e3 e6 4. Bd3 Be7 5. O-O O-O 6. Nbd2 Nc6 7. c3 a6 8. e4
dxe4 9. Nxe4 Nxe4 10. Bxe4 f5 11. Bc2 g6 12. Re1 b5 13. Bf4 Bf6 14. Ne5 Nxe5
15. Bxe5 Bb7 16. Bb3 Bd5 17. Qe2 Bxb3 18. axb3 Qd5 19. c4 Qc6 20. Rad1 Rae8 21.
Rc1 b4 22. Bxf6 Rxf6 23. Qe5 Rff8 24. Ra1 f4 25. Qe4 Qb6 26. Rad1 a5 27. Rd3
Rf5 28. Rf3 Qd6 29. h3 Qf8 30. Qc6 Qf7 31. Re5 Rxe5 32. dxe5 Rd8 33. Qe4 Rd1+
34. Kh2 g5 35. Qe2 Rd8 36. g4 Qd7 37. h4 h6 38. Qe4 Qg7 39. h5 Qh7 40. Qe2 Qb1
41. Kg2 Rd1 42. Rh3 Rg1+ 43. Kf3 Re1 0-1

[Event "LiSB-ch Veterans"]
[Site "Stein"]
[Date "2000.11.26"]
[Round "2"]
[White "Jacobs, Wim"]
[Black "Abrahams, Jacq"]
[Result "1-0"]
[WhiteElo "1480"]
[BlackElo "1581"]
[PlyCount "79"]
[EventDate "2000.11.25"]
[EventType "swiss"]
[EventRounds "5"]
[EventCountry "NED"]
[Source "P.Boonen"]
[SourceDate "2012.01.01"]

1. Nf3 d5 2. d4 g6 3. e3 Bg7 4. Be2 Nf6 5. O-O b6 6. b4 Bb7 7. Bb2 Nbd7 8. Nbd2
O-O 9. Nb3 c6 10. Ne1 Qc7 11. a4 c5 12. dxc5 bxc5 13. bxc5 Nxc5 14. Nd3 Nfd7
15. Bxg7 Kxg7 16. Ndxc5 Nf6 17. Nxb7 Qxb7 18. Qd4 Qc7 19. f4 Qxc2 20. Bd1 Qc6
21. Rc1 Qe8 22. Rf2 Kg8 23. Rc7 a6 24. Rfc2 Qd8 25. Ra7 Rb8 26. Rcc7 e6 27. Na5
Ne4 28. g3 Rb1 29. Nc6 Qf6 30. Ne5 g5 31. Kg2 gxf4 32. exf4 h5 33. Bxh5 Re1 34.
Bxf7+ Rxf7 35. Ra8+ Rf8 36. Rxf8+ Kxf8 37. Nd7+ Ke8 38. Nxf6+ Kd8 39. Rh7 Re2+
40. Kf1 1-0

[Event "LiSB-ch Veterans"]
[Site "Stein"]
[Date "2000.11.26"]
[Round "2"]
[White "Meijerink, Harry"]
[Black "Ebel, Huub"]
[Result "1-0"]
[WhiteElo "1670"]
[BlackElo "1264"]
[PlyCount "67"]
[EventDate "2000.11.25"]
[EventType "swiss"]
[EventRounds "5"]
[EventCountry "NED"]
[Source "P.Boonen"]
[SourceDate "2012.01.01"]

1. c4 e5 2. Nc3 Nc6 3. g3 Bb4 4. Bg2 Bxc3 5. bxc3 Nge7 6. a4 a5 7. Ba3 O-O 8.
Rb1 Re8 9. Nh3 d5 10. cxd5 Nxd5 11. O-O Bxh3 12. Bxh3 Rb8 13. Qc2 Nf6 14. Bg2
Qd7 15. d3 b6 16. Bc1 Ng4 17. Qb3 Re6 18. Bh3 f5 19. f3 Nh6 20. Bxh6 gxh6 21.
Bxf5 Rbe8 22. Bxe6+ Rxe6 23. f4 Kg7 24. Qc4 h5 25. f5 Rf6 26. e4 Ne7 27. Rf3
Ng8 28. Rb5 Qd6 29. Rd5 Qa3 30. Qxc7+ Kh6 31. Qxe5 Qc1+ 32. Kg2 Qd2+ 33. Rf2
Qg5 34. Qf4 1-0

[Event "LiSB-ch Veterans"]
[Site "Stein"]
[Date "2000.11.26"]
[Round "2"]
[White "Simonis, Peter"]
[Black "Van Vliet, Cors"]
[Result "0-1"]
[WhiteElo "1876"]
[BlackElo "1720"]
[PlyCount "84"]
[EventDate "2000.11.25"]
[EventType "swiss"]
[EventRounds "5"]
[EventCountry "NED"]
[Source "P.Boonen"]
[SourceDate "2012.01.01"]

1. e4 c5 2. Nf3 Nc6 3. d4 cxd4 4. Nxd4 d6 5. Nc3 e6 6. Bb5 Bd7 7. Bxc6 Bxc6 8.
O-O Be7 9. Be3 Nf6 10. Nxc6 bxc6 11. Qf3 Qc7 12. Rfd1 O-O 13. Qg3 Rfd8 14. f4
Qb7 15. Rab1 d5 16. exd5 cxd5 17. Bd4 Rac8 18. Qf3 Bc5 19. Bxc5 Rxc5 20. g4 Rc4
21. g5 Qb6+ 22. Kh1 Ne4 23. Nxe4 Rxe4 24. c3 g6 25. h4 Rc8 26. Rf1 Rcc4 27. Qg3
Qc7 28. Kh2 Rxf4 29. Rxf4 Qxf4 30. Qxf4 Rxf4 31. Kg3 Re4 32. a4 Rxa4 33. b3 Ra3
34. Kf4 Kf8 35. Ke5 Ke7 36. c4 dxc4 37. bxc4 Ra5+ 38. Rb5 Rxb5+ 39. cxb5 Kd7
40. Kf6 Ke8 41. Ke5 Ke7 42. Kd4 Kd6 0-1

[Event "LiSB-ch Veterans"]
[Site "Stein"]
[Date "2000.11.26"]
[Round "3"]
[White "Abrahams, Jacq"]
[Black "Ebel, Huub"]
[Result "0-1"]
[WhiteElo "1581"]
[BlackElo "1264"]
[PlyCount "60"]
[EventDate "2000.11.25"]
[EventType "swiss"]
[EventRounds "5"]
[EventCountry "NED"]
[Source "P.Boonen"]
[SourceDate "2012.01.01"]

1. f4 e6 2. Nf3 Be7 3. e4 Nf6 4. e5 Nd5 5. d4 O-O 6. c4 Nb6 7. Bd3 d5 8. b3 c5
9. Qc2 g6 10. O-O Bd7 11. Be3 f5 12. Nc3 Na6 13. a3 Bc6 14. Qf2 dxc4 15. bxc4
Na4 16. Qc2 Nxc3 17. Qxc3 Bxf3 18. Rxf3 cxd4 19. Bxd4 Bc5 20. Bxc5 Nxc5 21. Bc2
Qb6 22. Kh1 Qc6 23. Rf2 Rf7 24. Rd1 Ne4 25. Bxe4 fxe4 26. Rd6 Qc5 27. g3 Qxf2
28. Qc1 e3 29. Rd1 e2 30. Re1 Rd8 0-1

[Event "LiSB-ch Veterans"]
[Site "Stein"]
[Date "2000.11.26"]
[Round "3"]
[White "De Wit, Gerrit"]
[Black "Simonis, Peter"]
[Result "0-1"]
[WhiteElo "1703"]
[BlackElo "1876"]
[PlyCount "58"]
[EventDate "2000.11.25"]
[EventType "swiss"]
[EventRounds "5"]
[EventCountry "NED"]
[Source "P.Boonen"]
[SourceDate "2012.01.01"]

1. e4 c5 2. Nc3 Nc6 3. f4 d6 4. g3 Nf6 5. Bg2 Bg4 6. Nf3 Nd4 7. O-O e6 8. d3
Be7 9. h3 Nxf3+ 10. Bxf3 Bxh3 11. Re1 e5 12. f5 h5 13. Bg5 Qd7 14. Bxf6 Bxf6
15. Bxh5 O-O-O 16. Qf3 g6 17. fxg6 fxg6 18. Bxg6 Qg7 19. Bf5+ Bxf5 20. exf5 Qh6
21. Re2 e4 22. Nxe4 Bd4+ 23. Nf2 Qh2+ 24. Kf1 Rdg8 25. g4 Bxf2 26. Rxf2 Qh1+
27. Ke2 Qxa1 28. f6 Re8+ 29. Kd2 Qe1# 0-1

[Event "LiSB-ch Veterans"]
[Site "Stein"]
[Date "2000.11.26"]
[Round "3"]
[White "Jacobs, Wim"]
[Black "Erkens, Wil"]
[Result "1-0"]
[WhiteElo "1480"]
[BlackElo "1390"]
[PlyCount "113"]
[EventDate "2000.11.25"]
[EventType "swiss"]
[EventRounds "5"]
[EventCountry "NED"]
[Source "P.Boonen"]
[SourceDate "2012.01.01"]

1. Nf3 Nc6 2. b3 e5 3. e4 a6 4. Bb2 d6 5. a4 Nf6 6. d3 Be7 7. Be2 h6 8. O-O O-O
9. Nbd2 Bg4 10. Re1 Qc8 11. Kh1 Nh7 12. Ng1 Nf6 13. f3 Be6 14. Bf1 Nh5 15. Ne2
Qd8 16. g3 Bg5 17. Ng1 Be7 18. Nc4 b5 19. Ne3 bxa4 20. Rxa4 Bd7 21. Ra1 a5 22.
c3 Be6 23. Ba3 Rb8 24. Nd5 f5 25. Bh3 Qd7 26. Bc1 f4 27. Bxe6+ Qxe6 28. g4 Nf6
29. c4 Ne8 30. Re2 Nd4 31. Rb2 Ra8 32. Bd2 c6 33. Nb6 Ra6 34. Na4 Bh4 35. Kg2
Qe7 36. Ne2 h5 37. Nxd4 exd4 38. h3 hxg4 39. hxg4 Qf6 40. b4 Qh6 41. Qh1 Qg5
42. b5 cxb5 43. Rxb5 Qe7 44. Rab1 Bg3 45. Rh5 Rf6 46. Rh8+ Kf7 47. Qh5+ Rg6 48.
Qf5+ Nf6 49. Rbb8 Rh6 50. Rhf8+ Qxf8 51. Rxf8+ Kxf8 52. Qc8+ Kf7 53. Qxa6 Rh2+
54. Kg1 Rxd2 55. Qxa5 Rxd3 56. Kg2 Rd2+ 57. Qxd2 1-0

[Event "LiSB-ch Veterans"]
[Site "Stein"]
[Date "2000.11.26"]
[Round "3"]
[White "Meijerink, Harry"]
[Black "Hanssen, Johan"]
[Result "1-0"]
[WhiteElo "1670"]
[BlackElo "1424"]
[PlyCount "112"]
[EventDate "2000.11.25"]
[EventType "swiss"]
[EventRounds "5"]
[EventCountry "NED"]
[Source "P.Boonen"]
[SourceDate "2012.01.01"]

1. c4 c6 2. Nf3 Nf6 3. g3 e6 4. Bg2 d5 5. b3 Bd6 6. Nc3 Nbd7 7. Bb2 O-O 8. d4
Re8 9. O-O Qe7 10. c5 Bc7 11. b4 e5 12. e3 a6 13. a4 e4 14. Nd2 Nf8 15. Re1 Bg4
16. Qc2 Qd7 17. f3 exf3 18. Nxf3 Bf5 19. Qe2 Re7 20. b5 Ba5 21. Ne5 Qc7 22. Rf1
Bxc3 23. Bxc3 Be4 24. Bh3 N6d7 25. bxc6 bxc6 26. Ng4 Ne6 27. Nf2 Ng5 28. Bg2
Nf6 29. Nd3 Bxd3 30. Qxd3 Nge4 31. Rf4 Qd7 32. Raf1 Qe8 33. Be1 Raa7 34. g4 h6
35. h4 Re6 36. R1f3 Nh7 37. Rh3 Rae7 38. Qxa6 Nxc5 39. dxc5 Rxe3 40. Bf2 Rxh3
41. Bxh3 g5 42. Rf5 Re2 43. Bf1 Re4 44. Bh3 Rc4 45. Kg2 Qe4+ 46. Rf3 gxh4 47.
Qc8+ Nf8 48. Bxh4 Rc2+ 49. Bf2 Rc3 50. Qf5 Rxf3 51. Qxf3 Qxa4 52. Be3 Qc2+ 53.
Qf2 Qe4+ 54. Kg3 Qg6 55. Qf5 Qxf5 56. gxf5 Kg7 1-0

[Event "LiSB-ch Veterans"]
[Site "Stein"]
[Date "2000.11.26"]
[Round "3"]
[White "Schreinemachers, Jo"]
[Black "Michon, John"]
[Result "0-1"]
[WhiteElo "1596"]
[BlackElo "1606"]
[PlyCount "95"]
[EventDate "2000.11.25"]
[EventType "swiss"]
[EventRounds "5"]
[EventCountry "NED"]
[Source "P.Boonen"]
[SourceDate "2012.01.01"]

1. d4 d5 2. c4 c6 3. Nf3 Nf6 4. Nc3 e6 5. e3 Nbd7 6. Qc2 c5 7. cxd5 exd5 8. Be2
cxd4 9. exd4 Be7 10. O-O O-O 11. Bg5 Nb6 12. Rfe1 Be6 13. Rac1 Rc8 14. Qb3 h6
15. Bh4 a6 16. Ne5 Re8 17. Bf3 Nc4 18. Re2 b5 19. a3 Na5 20. Qd1 Nc4 21. Qe1
Rc7 22. Bg3 Bd6 23. h3 Bxe5 24. dxe5 Nh7 25. Rd1 Nb6 26. Qd2 Rd7 27. Qd4 Ng5
28. Bg4 Bxg4 29. Qxg4 Ne6 30. f4 d4 31. Ne4 Kh8 32. Nd6 Rf8 33. Nxf7+ Rfxf7 34.
Qxe6 d3 35. Re4 Rfe7 36. Qb3 Nc4 37. Bh4 Qb6+ 38. Bf2 Qg6 39. Ree1 d2 40. Re2
Rd3 41. Qb4 Re8 42. b3 Qh5 43. g4 Qxh3 44. bxc4 Qxg4+ 45. Kf1 Rh3 46. Bg1 Qf3+
47. Rf2 Qxd1+ 48. Kg2 0-1

[Event "LiSB-ch Veterans"]
[Site "Stein"]
[Date "2000.11.26"]
[Round "3"]
[White "Van Gils, Maarten"]
[Black "Van Vliet, Cors"]
[Result "1/2-1/2"]
[WhiteElo "1702"]
[BlackElo "1720"]
[PlyCount "38"]
[EventDate "2000.11.25"]
[EventType "swiss"]
[EventRounds "5"]
[EventCountry "NED"]
[Source "P.Boonen"]
[SourceDate "2012.01.01"]

1. e4 c5 2. Nf3 Nc6 3. d4 cxd4 4. Nxd4 d6 5. c4 e6 6. Nc3 Bd7 7. Be2 Be7 8.
Ndb5 Qb8 9. Bf4 Ne5 10. Qd2 a6 11. Na3 Nf6 12. O-O O-O 13. f3 Qc7 14. Rac1 Bc6
15. Be3 Rfd8 16. Nd5 Bxd5 17. cxd5 Qd7 18. Bb6 Rdc8 19. Rxc8+ Rxc8 1/2-1/2

[Event "LiSB-ch Veterans"]
[Site "Stein"]
[Date "2000.12.02"]
[Round "4"]
[White "Abrahams, Jacq"]
[Black "De Wit, Gerrit"]
[Result "1-0"]
[WhiteElo "1581"]
[BlackElo "1703"]
[PlyCount "96"]
[EventDate "2000.11.25"]
[EventType "swiss"]
[EventRounds "5"]
[EventCountry "NED"]
[Source "P.Boonen"]
[SourceDate "2012.01.01"]

1. d4 Nf6 2. Nc3 g6 3. Bf4 d6 4. e4 Bg7 5. h3 Nbd7 6. Nf3 c6 7. a4 O-O 8. Bc4
Qa5 9. O-O e5 10. dxe5 dxe5 11. Be3 Qb4 12. Bb3 Nxe4 13. Nxe4 Qxe4 14. Re1 Qb4
15. c3 Qa5 16. Ba2 Qc7 17. Bg5 Nc5 18. Be3 Ne6 19. Re2 b6 20. Qc2 Ba6 21. Rd2
Rad8 22. Rad1 Rxd2 23. Rxd2 Rd8 24. Rxd8+ Nxd8 25. Ng5 h6 26. Ne4 Bc8 27. Qd2
Kh7 28. Bxh6 f5 29. Ng5+ Kh8 30. Bxg7+ Kxg7 31. Qe3 f4 32. Qe2 Qe7 33. h4 Be6
34. Nxe6+ Nxe6 35. Qxe5+ Kf7 36. Bxe6+ Qxe6 37. Qxf4+ Kg7 38. g3 a5 39. Qc7+
Kh6 40. Qxb6 Qe1+ 41. Kh2 Qf1 42. Qe3+ Kh7 43. b4 axb4 44. cxb4 Qb1 45. Qc5 Qb2
46. a5 Qa2 47. Qb6 Kh6 48. a6 Kh5 1-0

[Event "LiSB-ch Veterans"]
[Site "Stein"]
[Date "2000.12.02"]
[Round "4"]
[White "Ebel, Huub"]
[Black "Simonis, Peter"]
[Result "0-1"]
[WhiteElo "1264"]
[BlackElo "1876"]
[PlyCount "60"]
[EventDate "2000.11.25"]
[EventType "swiss"]
[EventRounds "5"]
[EventCountry "NED"]
[Source "P.Boonen"]
[SourceDate "2012.01.01"]

1. e4 e6 2. d4 c5 3. Nf3 d5 4. e5 Nc6 5. Bb5 Qb6 6. Bxc6+ bxc6 7. O-O cxd4 8.
Nxd4 c5 9. Nf3 Ne7 10. b3 Ng6 11. Qe2 Be7 12. Nbd2 O-O 13. h3 Ba6 14. c4 Rad8
15. Re1 Qc7 16. Qd1 dxc4 17. Nh2 c3 18. Qc2 cxd2 19. Bxd2 Rd5 20. Ng4 Bb7 21.
Kh2 f5 22. Ne3 Rxe5 23. g3 Qc6 24. Rg1 Qf3 25. Raf1 Qe4 26. Qc1 f4 27. Ng4
fxg3+ 28. Rxg3 Ref5 29. Be1 Bd6 30. Qe3 Qg2# 0-1

[Event "LiSB-ch Veterans"]
[Site "Stein"]
[Date "2000.12.02"]
[Round "4"]
[White "Hanssen, Johan"]
[Black "Erkens, Wil"]
[Result "0-1"]
[WhiteElo "1424"]
[BlackElo "1390"]
[PlyCount "68"]
[EventDate "2000.11.25"]
[EventType "swiss"]
[EventRounds "5"]
[EventCountry "NED"]
[Source "P.Boonen"]
[SourceDate "2012.01.01"]

1. d4 d5 2. Nf3 Nc6 3. e3 b6 4. Bd3 Nf6 5. O-O Bg4 6. c3 e5 7. dxe5 Nxe5 8. Be2
Qd7 9. Nxe5 Bxe2 10. Nxd7 Bxd1 11. Nxf6+ gxf6 12. Rxd1 O-O-O 13. Nd2 h5 14. Nf3
h4 15. h3 Bc5 16. b3 c6 17. Bb2 Rdg8 18. Rac1 Rh6 19. Kh1 Be7 20. Rg1 Kc7 21.
c4 dxc4 22. Rxc4 b5 23. Nd4 bxc4 24. Nf5 Bb4 25. Nxh6 Rg6 26. Nf5 c3 27. Bc1
Rg5 28. e4 Rg8 29. Rd1 c2 30. Rf1 Rd8 31. Ne3 Rd4 32. Nxc2 Rxe4 33. Nxb4 Rxb4
34. a4 Rxb3 {Rest notatie ontbreekt, zwart won echter in tijdnood!} 0-1

[Event "LiSB-ch Veterans"]
[Site "Stein"]
[Date "2000.12.02"]
[Round "4"]
[White "Michon, John"]
[Black "Jacobs, Wim"]
[Result "1/2-1/2"]
[WhiteElo "1606"]
[BlackElo "1480"]
[PlyCount "104"]
[EventDate "2000.11.25"]
[EventType "swiss"]
[EventRounds "5"]
[EventCountry "NED"]
[Source "P.Boonen"]
[SourceDate "2012.01.01"]

1. d4 Nf6 2. c4 d5 3. Nc3 e6 4. Nf3 b6 5. Ne5 Bb7 6. Qa4+ c6 7. cxd5 exd5 8.
Bg5 Qd6 9. Rc1 Nbd7 10. Nxd7 Nxd7 11. g3 Qb4 12. Bd2 Qxa4 13. Nxa4 Bd6 14. Bg2
O-O 15. O-O f5 16. f4 Nf6 17. Nc3 Rf7 18. a3 Rc8 19. b4 Ba6 20. Rfe1 Re7 21. e3
Bc4 22. Rc2 Bd3 23. Rb2 b5 24. Bf1 Bxf1 25. Kxf1 Kf7 26. Rc2 a6 27. Nd1 Ke6 28.
Nb2 Ne4 29. Bc1 g5 30. Nd3 Rg7 31. Kg2 Kd7 32. Nc5+ Bxc5 33. dxc5 h5 34. Kf3 h4
35. Rg2 g4+ 36. Ke2 h3 37. Rgg1 Ke6 38. Bb2 Rd7 39. Ra1 Ra7 40. a4 Rca8 41. Ra3
Kd7 42. Kd3 Nxc5+ 43. bxc5 b4 44. Rb3 a5 45. Be5 Ke6 46. Rd1 Rd7 47. Kc2 Rad8
48. Rbd3 Rb7 49. Kb3 Rbd7 50. Rd4 Ke7 51. e4 Ke6 52. exf5+ Kxf5 1/2-1/2

[Event "LiSB-ch Veterans"]
[Site "Stein"]
[Date "2000.12.02"]
[Round "4"]
[White "Van Gils, Maarten"]
[Black "Schreinemachers, Jo"]
[Result "1-0"]
[WhiteElo "1702"]
[BlackElo "1596"]
[PlyCount "55"]
[EventDate "2000.11.25"]
[EventType "swiss"]
[EventRounds "5"]
[EventCountry "NED"]
[Source "P.Boonen"]
[SourceDate "2012.01.01"]

1. e4 c6 2. Ne2 d5 3. e5 c5 4. d4 Nc6 5. c3 e6 6. g3 Nge7 7. Bg2 Nf5 8. O-O Qb6
9. dxc5 Bxc5 10. b4 Be7 11. g4 Nh4 12. Be3 Qc7 13. f4 O-O 14. Nd2 b6 15. b5 Na5
16. Rf2 Bb7 17. Bd4 Nc4 18. Bf1 Nxd2 19. Qxd2 Rac8 20. f5 Bc5 21. Qg5 Qd8 22.
f6 Ng6 23. h4 h6 24. Qe3 Nxh4 25. Rh2 Bxd4 26. cxd4 g5 27. Rxh4 gxh4 28. Qxh6
1-0

[Event "LiSB-ch Veterans"]
[Site "Stein"]
[Date "2000.12.02"]
[Round "4"]
[White "Van Vliet, Cors"]
[Black "Meijerink, Harry"]
[Result "1-0"]
[WhiteElo "1720"]
[BlackElo "1670"]
[PlyCount "127"]
[EventDate "2000.11.25"]
[EventType "swiss"]
[EventRounds "5"]
[EventCountry "NED"]
[Source "P.Boonen"]
[SourceDate "2012.01.01"]

1. d4 Nf6 2. Bf4 e6 3. Nf3 c5 4. c3 Nc6 5. e3 b6 6. Be2 Bb7 7. O-O d5 8. h3 Bd6
9. Ne5 Qc7 10. Bb5 O-O 11. Bxc6 Bxc6 12. Nd2 Bb5 13. Re1 Rfe8 14. a4 Ba6 15.
Bh2 Nd7 16. f4 Be7 17. Qh5 g6 18. Qg4 Nf6 19. Qf3 Rac8 20. g4 Bd6 21. Bg3 cxd4
22. exd4 Nd7 23. h4 f6 24. Nxd7 Qxd7 25. a5 b5 26. b4 Qc7 27. Re3 Re7 28. Rae1
Rce8 29. Kg2 Bb7 30. Qf1 e5 31. fxe5 fxe5 32. Nb3 Bc8 33. Qxb5 Bxg4 34. dxe5
Bxe5 35. Qxd5+ Be6 36. Qxe5 Bh3+ 37. Kxh3 Rxe5 38. Bxe5 Qc4 39. Nc5 h5 40. Bd4
Rxe3+ 41. Rxe3 Qf1+ 42. Kg3 Qg1+ 43. Kf4 Qg4+ 44. Ke5 Qxh4 45. Ne4 Qe7+ 46. Kd5
Qb7+ 47. Kc4 Qf7+ 48. Kc5 Qc7+ 49. Kb5 Qb7+ 50. Ka4 a6 51. Nc5 Qc6+ 52. Ka3 h4
53. Re6 Qg2 54. Be5 h3 55. Re8+ Kf7 56. Rh8 g5 57. Nxa6 Ke6 58. Bb8 g4 59. Nc5+
Kd5 60. a6 Kc4 61. Na4 Qc2 62. Rc8+ Kb5 63. c4+ Kxa6 64. Nc5+ 1-0